[Event "Botvinnik 100th Open"]
[Site "St Petersburg RUS"]
[Date "2011.08.16"]
[Round "5"]
[White "Alexikov, Alexander"]
[Black "Smikovski, Ivan"]
[Result "0-1"]
[WhiteTitle "IM"]
[BlackTitle "IM"]
[WhiteElo "2353"]
[BlackElo "2541"]
[WhiteFideId "14103958"]
[BlackFideId "4124650"]
[EventDate "2011.08.12"]

1. e4 e5 2. Nf3 Nc6 3. Bb5 a6 4. Bxc6 dxc6 5. O-O f6 6. d4 exd4 7. Nxd4 c5 8.
Nb3 Qxd1 9. Rxd1 Bg4 10. f3 Bd7 11. Nc3 O-O-O 12. Bf4 c4 13. Na5 b5 14. a4 Bc5+
15. Kf1 Ne7 16. axb5 Bxb5 17. Ke1 Rxd1+ 18. Nxd1 Re8 19. b3 Nd5 20. Bd2 c3 21.
Nxc3 Bd4 22. Nxd5 Bxa1 23. Bb4 f5 24. c4 Bd7 25. Kd2 fxe4 26. Ne7+ Kb8 27. fxe4
Bf6 28. Nec6+ Bxc6 29. Nxc6+ Kb7 30. Na5+ Kb6 31. Ke3 Rd8 32. Be1 Rd1 33. Bb4 c5 0-1

[Event "Botvinnik 100th Open"]
[Site "St Petersburg RUS"]
[Date "2011.08.16"]
[Round "5"]
[White "Zimin, Alexey"]
[Black "Vlasenko, Miroslav"]
[Result "0-1"]
[BlackTitle "IM"]
[WhiteElo "2235"]
[BlackElo "2371"]
[WhiteFideId "4168925"]
[BlackFideId "4151887"]
[EventDate "2011.08.12"]

1. e4 Nc6 2. Nf3 d6 3. d4 Nf6 4. Nc3 g6 5. h3 Bg7 6. Be3 O-O 7. d5 Nb8 8. Bc4 c6
9. a4 a5 10. O-O Qc7 11. Qd2 Na6 12. Rfe1 Nb4 13. Bb3 Nd7 14. Bh6 Nc5 15. Bxg7
Kxg7 16. Bc4 e5 17. Rad1 cxd5 18. Bxd5 Bd7 19. b3 Rad8 20. Bc4 Bc6 21. Nh2 f5
22. f3 Qe7 23. Nd5 Bxd5 24. Bxd5 fxe4 25. fxe4 Qh4 26. Ng4 Nxd5 27. exd5 b6 28.
Qe3 Rf5 29. Rf1 Rdf8 30. c3 R8f7 31. Rde1 Rf4 32. Nxe5 Re4 33. Nf3 Rxf3 0-1

[Event "Botvinnik 100th Open"]
[Site "St Petersburg RUS"]
[Date "2011.08.16"]
[Round "5"]
[White "Demianjuk, Alexander"]
[Black "Onischuk, Vladimir"]
[Result "0-1"]
[BlackTitle "IM"]
[WhiteElo "2317"]
[BlackElo "2490"]
[WhiteFideId "4134249"]
[BlackFideId "14114038"]
[EventDate "2011.08.12"]

1. d4 Nf6 2. c4 g6 3. Nc3 Bg7 4. e4 d6 5. f3 O-O 6. Be3 Nbd7 7. Qd2 c5 8. Nge2
a6 9. Rd1 Qa5 10. dxc5 dxc5 11. Nf4 e6 12. Nd3 Qc7 13. Be2 b6 14. f4 Bb7 15. Bf3
e5 16. O-O Rad8 17. Qc1 Ne8 18. b3 Nd6 19. fxe5 Nxe5 20. Nf4 Qb8 21. Nfd5 Bxd5
22. Nxd5 Nc6 23. Bg5 Be5 24. Bf6 Ne8 25. Ne7+ Nxe7 26. Bxe7 Bxh2+ 27. Kh1 Rxd1
28. Bxd1 Be5 29. Bxf8 Kxf8 30. Qh6+ Kg8 31. Qg5 Qd6 32. Bf3 Nf6 33. Rd1 Qe7 34.
Qh4 Kg7 35. Qh3 h5 36. Qh4 Qc7 37. Qh3 Bg3 38. Rf1 Qe5 39. a3 Qf4 40. Be2 Qg5
41. Bf3 Be5 42. b4 cxb4 43. axb4 a5 44. bxa5 bxa5 45. c5 a4 46. g3 a3 47. Qg2 h4
48. g4 h3 49. Qc2 Qh4 50. Qe2 Nh7 51. c6 Ng5 52. Kg1 a2 53. Qxa2 Nxf3+ 0-1

[Event "Botvinnik 100th Open"]
[Site "St Petersburg RUS"]
[Date "2011.08.16"]
[Round "5"]
[White "Ulanov, Alexandr"]
[Black "Pasiev, Rakhim"]
[Result "1/2-1/2"]
[WhiteTitle "IM"]
[BlackTitle "FM"]
[WhiteElo "2371"]
[BlackElo "2313"]
[WhiteFideId "24107646"]
[BlackFideId "24122475"]
[EventDate "2011.08.12"]

1. d4 Nf6 2. Nf3 c5 3. d5 e6 4. Nc3 exd5 5. Nxd5 Nxd5 6. Qxd5 Nc6 7. e4 d6 8.
Ng5 Qc7 9. Bc4 Ne5 10. Bb5+ Bd7 11. Bxd7+ Qxd7 12. f4 Nc6 13. c3 h6 14. Nf3 Qe6
15. Qxe6+ fxe6 16. Nh4 Kf7 17. f5 exf5 18. O-O g6 19. exf5 g5 20. Ng6 Rg8 21.
Rd1 Rd8 22. Be3 Bg7 23. Kf2 Ne5 24. Nxe5+ Bxe5 25. g3 Kf6 26. Kf3 h5 27. h3 Rh8
28. Rh1 Rh7 29. Rag1 b6 30. Bf2 h4 31. Rd1 d5 32. Rhe1 Re7 33. Re2 Kxf5 34. Rde1
Rde8 35. Rd1 Rd8 36. a4 a5 37. Red2 Red7 38. Re2 Re7 1/2-1/2

[Event "Botvinnik 100th Open"]
[Site "St Petersburg RUS"]
[Date "2011.08.16"]
[Round "5"]
[White "Bazeev, German"]
[Black "Ponfilenok, Vladimir"]
[Result "1/2-1/2"]
[WhiteElo "2312"]
[BlackElo "2413"]
[WhiteFideId "24119350"]
[BlackFideId "24113522"]
[EventDate "2011.08.12"]

1. d4 e6 2. c4 f5 3. Nc3 Nf6 4. Qc2 c5 5. d5 Bd6 6. g3 O-O 7. Bg2 Be5 8. Nh3 Qe7
9. O-O d6 10. Nd1 Ne8 11. Ne3 Bd4 12. dxe6 Bxe3 13. Bxe3 Bxe6 14. Nf4 Bf7 15.
Qxf5 Bxc4 16. Nd5 Qf7 17. Qe4 Bxd5 18. Qxd5 Nc6 19. Qxf7+ Kxf7 20. Rfd1 Ke7 21.
Rd2 a5 22. Rad1 Ra6 23. Bf4 Nd8 24. e4 Ne6 25. Be3 Nf6 26. h3 g5 27. b3 Rb6 28.
Rc2 Nd7 29. Rf1 Ne5 30. f4 gxf4 31. gxf4 Nc6 32. h4 Ned4 33. Rcf2 a4 34. bxa4
Rb4 35. e5 Nf5 36. exd6+ Kxd6 37. Rd2+ Ncd4 38. Bf2 b6 39. Re1 Rxa4 40. Re5 Kc7
41. Be4 Rf7 42. h5 Ra3 43. Bxd4 Nxd4 44. Rf2 Rg3+ 45. Kh2 Rg4 46. Kh3 Rgxf4 47.
Rxf4 Rxf4 48. Bxh7 Kd6 49. Re3 Rf3+ 50. Rxf3 Nxf3 51. Kg4 Nd4 52. h6 1/2-1/2

[Event "Botvinnik 100th Open"]
[Site "St Petersburg RUS"]
[Date "2011.08.16"]
[Round "5"]
[White "Lintchevski, Daniil"]
[Black "Duzhakov, Ilya"]
[Result "1/2-1/2"]
[WhiteTitle "GM"]
[BlackTitle "FM"]
[WhiteElo "2553"]
[BlackElo "2338"]
[WhiteFideId "4171055"]
[BlackFideId "4192516"]
[EventDate "2011.08.12"]

1. Nf3 Nf6 2. g3 g6 3. Bg2 Bg7 4. O-O O-O 5. d4 d5 6. c4 dxc4 7. Nc3 c6 8. a4 a5
9. e4 Na6 10. Qe2 Nb4 11. Qxc4 b6 12. Rd1 Ba6 13. Qb3 Nd7 14. Be3 e6 15. Na2 c5
16. Nxb4 axb4 17. e5 Bb7 18. Ng5 Bxg2 19. Kxg2 cxd4 20. Rxd4 Bxe5 21. Rxb4 Nc5
22. Qc4 Rc8 23. Rb5 Bg7 24. Ra3 Qd6 25. Ne4 Qc6 26. Bxc5 f5 27. Rxb6 Qxb6 28.
Bxb6 Rxc4 29. Ng5 Rc6 30. Be3 Bxb2 31. Rb3 Bf6 32. Rb7 Bxg5 33. Bxg5 Ra6 34. Bh6
Re8 35. Bg7 e5 36. f4 exf4 37. gxf4 Rxa4 38. Be5 Rxe5 39. fxe5 Re4 40. Re7 h6
41. Kf3 Kf8 42. Rh7 h5 43. Ra7 g5 44. Rh7 h4 45. Rh5 Rg4 46. Rh7 Rf4+ 47. Kg2
Kg8 48. Re7 g4 49. e6 Re4 50. Rf7 Rf4 51. Rf6 Kg7 1/2-1/2

[Event "Botvinnik 100th Open"]
[Site "St Petersburg RUS"]
[Date "2011.08.16"]
[Round "5"]
[White "Kornyukov, Alexey"]
[Black "Barhudarian, Rafael"]
[Result "1/2-1/2"]
[WhiteTitle "IM"]
[BlackTitle "FM"]
[WhiteElo "2485"]
[BlackElo "2325"]
[WhiteFideId "4150457"]
[BlackFideId "4182685"]
[EventDate "2011.08.12"]

1. d4 Nc6 2. d5 Ne5 3. Nc3 e6 4. dxe6 dxe6 5. Qxd8+ Kxd8 6. Nf3 Nxf3+ 7. gxf3
Bd7 8. Rg1 Ne7 9. e4 Ng6 10. f4 Bd6 11. e5 Bb4 12. Be3 Bxc3+ 13. bxc3 Bc6 14.
O-O-O+ Ke8 15. Bd3 b6 16. f5 exf5 17. Bxf5 Rd8 18. Rxd8+ Kxd8 19. Bg5+ Ke8 20.
Rd1 Ne7 21. Bh3 h6 22. Bh4 g5 23. Bg3 Bd5 24. e6 fxe6 25. Bxc7 Rf8 26. Rd2 Rf3
27. Bg4 Rxc3 28. Be5 Rc4 29. Be2 Re4 30. Bb8 Nc6 31. Bd6 Kf7 32. Kb2 Na5 33. Bb8
Nc6 34. Bd6 Rd4 35. Bh5+ Kf6 36. Rxd4 Nxd4 37. f4 Kf5 38. fxg5 hxg5 39. Bb8 Nc6
40. Bd6 g4 41. a3 e5 42. c3 Na5 43. Bb8 Nc4+ 44. Kc1 a6 45. a4 e4 46. Be8 Be6
47. Bc6 Na5 48. Ba8 Nb3+ 49. Kc2 Nc5 50. a5 bxa5 51. Bd6 Nd3 52. Bb7 Bc4 53. Kd2
Nf4 54. Ke3 Ng2+ 55. Kd4 Bd3 56. c4 1/2-1/2

[Event "Botvinnik 100th Open"]
[Site "St Petersburg RUS"]
[Date "2011.08.16"]
[Round "5"]
[White "Malakhov, Igor"]
[Black "Donskov, Anatoly"]
[Result "1-0"]
[WhiteTitle "FM"]
[WhiteElo "2448"]
[BlackElo "2267"]
[WhiteFideId "4183088"]
[BlackFideId "24143413"]
[EventDate "2011.08.12"]

1. c4 e5 2. Nc3 Nc6 3. Nf3 d6 4. d4 exd4 5. Nxd4 Nf6 6. g3 Bd7 7. Bg2 Be7 8. O-O
O-O 9. Nc2 Qc8 10. Re1 Bh3 11. Bh1 Ne5 12. Nd5 Nxd5 13. cxd5 Bf6 14. e4 Re8 15.
Ne3 g6 16. Qc2 c5 17. dxc6 bxc6 18. Bd2 Rb8 19. Bc3 Bg7 20. Rad1 Qe6 21. b3 Qf6
22. Bxe5 dxe5 23. Bg2 Bxg2 24. Kxg2 Red8 25. Qc5 Rdc8 26. Rd7 Bf8 27. Qc4 a5 28.
Ng4 Qe6 29. Qxe6 fxe6 30. Nf6+ 1-0

[Event "Botvinnik 100th Open"]
[Site "St Petersburg RUS"]
[Date "2011.08.16"]
[Round "5"]
[White "Martynenko, Andrei"]
[Black "Korchmar, Vasiliy"]
[Result "1/2-1/2"]
[WhiteTitle "FM"]
[WhiteElo "2357"]
[BlackElo "2262"]
[WhiteFideId "4167996"]
[BlackFideId "24131750"]
[EventDate "2011.08.12"]

1. e4 c6 2. d4 d5 3. e5 Bf5 4. Nf3 e6 5. a3 Nd7 6. Be2 Bg6 7. O-O Ne7 8. Nbd2
Nf5 9. b3 Be7 10. c4 O-O 11. Bb2 f6 12. Rc1 fxe5 13. dxe5 a5 14. g4 Nh4 15. Nd4
Bf7 16. f4 Bc5 17. Kh1 Qb6 18. N2f3 Nxf3 19. Rxf3 Rae8 20. Bd3 Bg6 21. Bxg6 hxg6
22. cxd5 cxd5 23. Ne2 Rf7 24. Qd3 Nf8 25. f5 gxf5 26. gxf5 exf5 27. Qxd5 Ne6 28.
Nf4 Be3 29. Rxe3 Nxf4 30. Qd4 Qh6 31. Rf1 Ne6 32. Qb6 Rc8 33. Re2 Rc6 34. Qe3
Qxe3 35. Rxe3 Rc2 36. Bc3 b6 37. Be1 g6 38. Rc3 Rc7 39. Rxc7 Nxc7 40. Bf2 b5 41.
Bb6 a4 42. bxa4 bxa4 43. Bxc7 Rxc7 44. Rf4 Ra7 45. h4 Ra5 46. h5 Rxe5 47. hxg6
Ra5 48. Rb4 Kg7 49. Rb6 Rc5 50. Ra6 Rc2 51. Rxa4 Kxg6 1/2-1/2

[Event "Botvinnik 100th Open"]
[Site "St Petersburg RUS"]
[Date "2011.08.16"]
[Round "5"]
[White "Serov, Maksim"]
[Black "Kharmunova, Nadejda"]
[Result "1/2-1/2"]
[BlackTitle "WFM"]
[WhiteElo "2364"]
[BlackElo "2181"]
[WhiteFideId "4181905"]
[BlackFideId "4195876"]
[EventDate "2011.08.12"]

1. Nf3 d5 2. d4 e6 3. g3 Nf6 4. Bg2 c5 5. O-O Nc6 6. c4 Be7 7. cxd5 exd5 8. Nc3
O-O 9. dxc5 Bxc5 10. b3 a6 11. Bb2 Bf5 12. Rc1 Ba7 13. Na4 Qe7 14. Nd4 Nxd4 15.
Bxd4 Bxd4 16. Qxd4 Qxe2 17. Nc3 Qb2 18. Rcd1 Be6 19. Nxd5 Qxd4 20. Rxd4 Nxd5 21.
Bxd5 Rad8 22. Rfd1 Rxd5 23. Rxd5 Bxd5 24. Rxd5 f6 25. Kg2 Rf7 26. Rd8+ Rf8 27.
Rd6 Rf7 28. Rd8+ Rf8 29. Rd7 Rf7 1/2-1/2

[Event "Botvinnik 100th Open"]
[Site "St Petersburg RUS"]
[Date "2011.08.16"]
[Round "5"]
[White "Lanin, Alexsej"]
[Black "Klimentiev, Sergey"]
[Result "0-1"]
[WhiteTitle "IM"]
[WhiteElo "2423"]
[BlackElo "1698"]
[WhiteFideId "4154959"]
[BlackFideId "24155896"]
[EventDate "2011.08.12"]

1. e4 c5 2. Nf3 d6 3. d4 cxd4 4. Nxd4 Nf6 5. Nc3 a6 6. Bg5 e6 7. f4 Qb6 8. Nb3
Be7 9. Qf3 Nbd7 10. O-O-O Qc7 11. Bd3 b5 12. a3 Rb8 13. Bh4 b4 14. axb4 Rxb4 15.
Bf2 Bb7 16. Qe2 O-O 17. Rhf1 Bxe4 18. Nxe4 Rxb3 19. Ng5 d5 20. Bd4 Rb4 21. Bxh7+
Nxh7 22. Nxh7 Rfb8 23. Ng5 Bf6 24. Nxe6 Qa5 25. Bxf6 Nxf6 0-1

[Event "Botvinnik 100th Open"]
[Site "St Petersburg RUS"]
[Date "2011.08.16"]
[Round "5"]
[White "Monin, Nikolay"]
[Black "Kobzar, Alexandr"]
[Result "0-1"]
[WhiteTitle "IM"]
[WhiteElo "2403"]
[BlackElo "2184"]
[WhiteFideId "4104013"]
[BlackFideId "14113660"]
[EventDate "2011.08.12"]

1. d4 Nf6 2. Nf3 g6 3. Bf4 Bg7 4. e3 O-O 5. c4 c5 6. Nc3 cxd4 7. exd4 d5 8. Be2
Nc6 9. O-O dxc4 10. d5 Na5 11. Ne5 a6 12. Bf3 Nd7 13. Qe2 Nxe5 14. Bxe5 Bxe5 15.
Qxe5 Qd6 16. Rfe1 Bf5 17. Qxe7 Rad8 18. Rad1 b5 19. g4 Qf4 20. Qe3 Qxe3 21. fxe3
Bd3 22. e4 b4 23. Ne2 Bxe2 24. Rxe2 Nc6 25. e5 Rfe8 26. e6 fxe6 27. d6 Na7 28.
Re4 c3 29. Rxb4 c2 30. Rc1 Rxd6 31. Rxc2 Nb5 32. Rc6 Rd2 33. Rxa6 Nd4 34. Be4
Rf8 35. Ra8 Ne2+ 36. Kh1 Rd1+ 37. Kg2 Rg1+ 38. Kh3 Rxa8 39. Bxa8 g5 40. Bg2 Nf4+
41. Kg3 Rxg2+ 42. Kf3 Rxh2 43. a4 Nd5 44. Rb8+ Kg7 45. a5 Rh1 46. a6 Ra1 47.
Rb7+ Kf6 48. a7 Ke5 49. Rxh7 Nb4 50. Rg7 Nc6 51. Rxg5+ Kf6 52. Rc5 Ne5+ 53. Ke3
Rxa7 54. g5+ Kf5 55. b4 Ra3+ 56. Kd2 Ke4 57. Kc2 Rg3 58. b5 Rxg5 59. b6 Rg7 60.
Rc7 Rg8 61. Kc3 Rb8 62. b7 Kd5 63. Rh7 Kd6 64. Kd4 Nd7 0-1

[Event "Botvinnik 100th Open"]
[Site "St Petersburg RUS"]
[Date "2011.08.16"]
[Round "5"]
[White "Pimenov, Revolt"]
[Black "Fedoseev, Vladimir3"]
[Result "1/2-1/2"]
[BlackTitle "GM"]
[WhiteElo "2173"]
[BlackElo "2520"]
[WhiteFideId "4146590"]
[BlackFideId "24130737"]
[EventDate "2011.08.12"]

1. d4 Nf6 2. c4 g6 3. f3 c5 4. d5 b5 5. Bg5 Bg7 6. Qd2 h6 7. Bh4 bxc4 8. e4 Ba6
9. Na3 c3 10. bxc3 Qa5 11. Nb1 Bxf1 12. Kxf1 d6 13. Ne2 Nbd7 14. Qc2 O-O 15. Nd2
Rab8 16. Kf2 Ne5 17. Rhb1 Qa6 18. Nc1 e6 19. dxe6 fxe6 20. Kg1 g5 21. Bg3 Nh5
22. Rxb8 Rxb8 23. Rb1 Rb6 24. Rxb6 axb6 25. Bxe5 Bxe5 26. Qb3 Kf7 27. Nc4 Bf4
28. Nd3 b5 29. Qa3 Qc6 30. Qa7+ Kg6 31. Na5 Be3+ 32. Kf1 Qe8 33. Qb6 Qf8 34. e5
Qf5 35. Qxd6 c4 36. Ne1 Nf4 37. g4 Qf7 38. Nc6 h5 39. Nd8 Qe8 40. Ng2 Nxg2 41.
Nxe6 Kh7 1/2-1/2

[Event "Botvinnik 100th Open"]
[Site "St Petersburg RUS"]
[Date "2011.08.16"]
[Round "5"]
[White "Semenova, Irina"]
[Black "Kuzmin, Egor"]
[Result "1-0"]
[WhiteTitle "WGM"]
[WhiteElo "2241"]
[BlackElo "2033"]
[WhiteFideId "4118367"]
[BlackFideId "24101737"]
[EventDate "2011.08.12"]

1. e4 c5 2. Nf3 Nc6 3. d4 cxd4 4. Nxd4 Nf6 5. Nc3 d6 6. Bg5 e6 7. Qd2 Be7 8. f3
a6 9. O-O-O Nxd4 10. Qxd4 b5 11. Kb1 Qc7 12. Be3 Bd7 13. g4 O-O 14. g5 Ne8 15.
h4 Rb8 16. Ne2 b4 17. Ng3 a5 18. Rc1 Qb7 19. f4 Bc6 20. Rg1 a4 21. f5 e5 22. Qa7
Qxa7 23. Bxa7 Rb7 24. Be3 Kh8 25. Rd1 f6 26. Ba6 Rb8 27. Bc4 Bb5 28. Bxb5 Rxb5
29. Rd3 Nc7 30. Nh5 fxg5 31. hxg5 d5 32. f6 gxf6 33. gxf6 Rxf6 34. Nxf6 Bxf6 35.
Bh6 d4 36. Rf3 Ne8 37. Rfg3 Ng7 38. Bxg7+ 1-0

[Event "Botvinnik 100th Open"]
[Site "St Petersburg RUS"]
[Date "2011.08.16"]
[Round "5"]
[White "Shirokov, Alexander"]
[Black "Sanzhaev, Darsen"]
[Result "0-1"]
[WhiteElo "1888"]
[BlackElo "2211"]
[WhiteFideId "24178071"]
[BlackFideId "24120030"]
[EventDate "2011.08.12"]

1. d4 d5 2. c4 e6 3. Nf3 Nf6 4. g3 Bb4+ 5. Bd2 Be7 6. Bg2 O-O 7. Qc2 a6 8. O-O
dxc4 9. Qxc4 b5 10. Qc2 Bb7 11. Ba5 Nc6 12. Bd2 Rc8 13. e3 Ba8 14. Ne1 Qd7 15.
Nd3 Nd5 16. Rc1 Rfd8 17. Qd1 e5 18. Nc5 Bxc5 19. Rxc5 Nce7 20. e4 Nb6 21. d5 c6
22. Ba5 Rb8 23. Nc3 Qa7 24. Bxb6 Qxb6 25. b4 cxd5 26. Nxd5 Bxd5 27. exd5 Rd7 28.
Qe2 f6 29. Rd1 Rbd8 30. Qc2 Qd6 31. Bh3 Ra7 32. Bg2 f5 33. Qb3 Kh8 34. Qe3 Rad7
35. f4 e4 36. g4 Qb6 37. d6 Rxd6 38. Rxd6 Qxd6 39. gxf5 Qd1+ 40. Bf1 Nxf5 41.
Qxe4 Qg4+ 42. Kh1 Nh4 43. Rg5 Qd1 44. Qe2 Qc1 45. Qf2 Qc6+ 46. Rg2 Nxg2 47. Qxg2
Qxg2+ 48. Kxg2 Rd2+ 0-1

[Event "Botvinnik 100th Open"]
[Site "St Petersburg RUS"]
[Date "2011.08.16"]
[Round "5"]
[White "Tantsiura, Marja"]
[Black "Payen, Arnaud"]
[Result "0-1"]
[BlackTitle "IM"]
[WhiteElo "2138"]
[BlackElo "2339"]
[WhiteFideId "14124327"]
[BlackFideId "600814"]
[EventDate "2011.08.12"]

1. e4 e5 2. Nf3 d6 3. d4 exd4 4. Nxd4 Nf6 5. Nc3 Be7 6. Bf4 O-O 7. Qd2 a6 8.
O-O-O b5 9. Nd5 Nxd5 10. exd5 Bf6 11. g3 Bb7 12. Nb3 Nd7 13. Na5 Rb8 14. c3 Nb6
15. Bg2 b4 16. cxb4 Na4 17. Nc4 Bc8 18. Be4 a5 19. Qc2 Rxb4 20. Bd2 Rxc4 21.
Qxc4 Nxb2 22. Qc2 Bd7 23. Rde1 Ba4 24. Bxh7+ Kh8 25. Qf5 g6 26. Bxg6 fxg6 27.
Qxg6 Rf7 28. Re6 Bg7 29. Bh6 Bc3 30. Re3 Qf6 31. Qxf6+ Bxf6 32. Bf4 Bd4 33. Re4
Bc3 34. Re3 Bf6 35. h4 c6 36. Bg5 Bg7 37. f4 cxd5 38. Re7 Rf8 39. Rc7 Nc4 40.
Rb7 Rc8 41. h5 Bc3 42. h6 Na3 43. Rh2 Ba1+ 0-1

[Event "Botvinnik 100th Open"]
[Site "St Petersburg RUS"]
[Date "2011.08.16"]
[Round "5"]
[White "Burkov, German A."]
[Black "Tunik, Gennady"]
[Result "0-1"]
[BlackTitle "GM"]
[WhiteElo "2162"]
[BlackElo "2440"]
[WhiteFideId "24132560"]
[BlackFideId "4101219"]
[EventDate "2011.08.12"]

1. Nf3 Nf6 2. g3 d5 3. Bg2 c6 4. b3 Bg4 5. Bb2 Nbd7 6. d3 e6 7. Nbd2 a5 8. a3
Be7 9. h3 Bh5 10. O-O O-O 11. Ra2 b5 12. Re1 c5 13. Qa1 Ra7 14. a4 b4 15. e4
dxe4 16. dxe4 Nb6 17. Bc1 Nfd7 18. c4 bxc3 19. Qxc3 c4 20. Nxc4 Bb4 21. Qe3 Bxf3
22. Bxf3 Bxe1 23. Qxe1 Nxc4 24. bxc4 Ne5 25. Be2 Nd3 26. Qc3 Nxc1 27. Qxc1 Qd4
28. Qc2 Rc7 29. Rb2 Rc5 30. Kg2 g6 31. f4 e5 32. Rb3 exf4 33. gxf4 Re8 34. Kf3
Qg1 35. Qb1 Qh2 36. Bf1 g5 37. fxg5 Rxg5 38. Qe1 Rf5+ 0-1

[Event "Botvinnik 100th Open"]
[Site "St Petersburg RUS"]
[Date "2011.08.16"]
[Round "5"]
[White "Palchun, Grigory"]
[Black "Bulanov, Dmitri"]
[Result "0-1"]
[BlackTitle "FM"]
[WhiteElo "2144"]
[BlackElo "2379"]
[WhiteFideId "24147338"]
[BlackFideId "13506382"]
[EventDate "2011.08.12"]

1. e4 Nf6 2. e5 Nd5 3. d4 d6 4. Nf3 Nc6 5. c4 Nb6 6. exd6 cxd6 7. Nc3 g6 8. h3
Bg7 9. Be3 O-O 10. Be2 Bf5 11. O-O d5 12. c5 Nc4 13. Bc1 b6 14. cxb6 Nxb6 15. b3
e5 16. Nxe5 Nxe5 17. dxe5 Bxe5 18. Bb2 d4 19. Nb5 d3 20. Bxe5 dxe2 21. Qxe2 Bd3
22. Qf3 Bxb5 23. Rfd1 Qg5 24. Bf4 Qf6 25. Qg3 Rfe8 26. Bg5 Qf5 27. Rac1 Rac8 28.
a4 Be2 0-1

[Event "Botvinnik 100th Open"]
[Site "St Petersburg RUS"]
[Date "2011.08.16"]
[Round "5"]
[White "Usmanov, Vasily"]
[Black "Irinchinov, Vladimir"]
[Result "1-0"]
[WhiteElo "2260"]
[BlackElo "2067"]
[WhiteFideId "4135741"]
[BlackFideId "24116165"]
[EventDate "2011.08.12"]

1. d4 d5 2. c4 c6 3. Nf3 Nf6 4. Qc2 dxc4 5. Qxc4 e6 6. g3 Nbd7 7. Bg2 Qa5+ 8.
Nc3 Ne4 9. O-O Nxc3 10. bxc3 Be7 11. e4 O-O 12. e5 c5 13. Bg5 Qd8 14. h4 h6 15.
Bxe7 Qxe7 16. Nd2 Rb8 17. Ne4 b5 18. Qe2 cxd4 19. cxd4 Bb7 20. Rac1 Bxe4 21.
Bxe4 Qb4 22. Rc7 Nb6 23. Rxa7 Qxd4 24. Rd1 Qc5 25. Ra6 Kh8 26. Bb1 Nd5 27. h5
Rg8 28. Qe4 g6 29. Qf3 Rbf8 30. Be4 Nc3 31. Rc6 Nxe4 32. Rxc5 Nxc5 33. Qe3 1-0

[Event "Botvinnik 100th Open"]
[Site "St Petersburg RUS"]
[Date "2011.08.16"]
[Round "5"]
[White "Nedostup, Daniil"]
[Black "Tsydypov, Zhamsaran"]
[Result "0-1"]
[WhiteElo "2033"]
[BlackElo "2247"]
[WhiteFideId "24121576"]
[BlackFideId "4108566"]
[EventDate "2011.08.12"]

1. e4 c5 2. a3 Nc6 3. b4 Nf6 4. b5 Nd4 5. c3 Ne6 6. e5 Nd5 7. Bc4 Ndc7 8. Ne2 d5
9. exd6 exd6 10. a4 d5 11. Ba2 Bd6 12. d4 c4 13. Ba3 O-O 14. Bxd6 Qxd6 15. Nd2
a6 16. bxa6 Rxa6 17. Bb1 Bd7 18. Bc2 Rfa8 19. O-O b5 20. Nf3 f6 21. Nh4 bxa4 22.
Ng3 Qf4 23. Ngf5 Qg5 24. g3 Nf4 25. Kh1 Bxf5 26. Nxf5 Nd3 27. Bxd3 cxd3 28. Qxd3
g6 29. Ne3 Rc6 30. Kg2 f5 31. Rfe1 f4 32. h4 Qh5 33. Nc2 Qg4 34. Re5 Ne6 35. Kh2
Re8 36. Ra3 fxg3+ 37. fxg3 Rf8 38. Ne1 Rf2+ 39. Kg1 Nf4 40. Qe3 Nh3+ 41. Kh1
Rcf6 42. Re8+ Rf8 43. Rxf8+ Rxf8 44. Ra2 Ng5 45. Rh2 Ne4 46. Rg2 Qh3+ 47. Kg1 a3
48. Nc2 a2 49. Na1 Rb8 0-1

[Event "Botvinnik 100th Open"]
[Site "St Petersburg RUS"]
[Date "2011.08.16"]
[Round "5"]
[White "Azimova, Karina"]
[Black "Orlov, Oleg"]
[Result "0-1"]
[WhiteElo "2087"]
[BlackElo "2290"]
[WhiteFideId "4108310"]
[BlackFideId "4166612"]
[EventDate "2011.08.12"]

1. e4 c5 2. Nf3 e6 3. d4 cxd4 4. Nxd4 a6 5. Bd3 Nf6 6. O-O d5 7. e5 Nfd7 8. Nxe6
Qb6 9. Nxf8 Nxf8 10. Nc3 Qd8 11. f4 Nc6 12. Qf3 Ng6 13. Nxd5 Nh4 14. Qg3 Qxd5
15. Qxh4 Nb4 16. Qg3 Nxd3 17. Qxd3 Qxd3 18. cxd3 Bf5 19. d4 Kd7 20. Bd2 Ke6 21.
Bc3 Kd5 22. Rae1 g6 23. e6 fxe6 24. Re5+ Kc6 25. d5+ exd5 26. Re7 Rae8 27. Rfe1
Be4 28. R7xe4 dxe4 29. Bxh8 Rxh8 30. Rxe4 Kd5 31. Re7 b5 32. Rc7 Ke4 33. Re7+
Kxf4 34. Kf2 Rc8 35. g3+ Kf5 36. Re2 Rc4 37. h3 h5 38. b3 Rc3 39. Rd2 g5 40. Re2
h4 41. gxh4 gxh4 42. Kg2 Kf4 43. Rf2+ Ke4 44. Kh2 b4 45. Kg2 a5 46. Kh2 Rf3 47.
Re2+ Kd3 48. Rg2 Ke3 49. Rg4 Rf4 50. Rg2 Rf2 0-1

[Event "Botvinnik 100th Open"]
[Site "St Petersburg RUS"]
[Date "2011.08.16"]
[Round "5"]
[White "Eryshkanova, Anastasiya"]
[Black "Kurilov, Viktor"]
[Result "1-0"]
[WhiteTitle "WFM"]
[WhiteElo "2122"]
[BlackElo "2312"]
[WhiteFideId "24119059"]
[BlackFideId "4157303"]
[EventDate "2011.08.12"]

1. e4 e5 2. Nf3 Nf6 3. Nxe5 d6 4. Nf3 Nxe4 5. d4 d5 6. Bd3 Be7 7. O-O Bg4 8. c4
Nc6 9. Nc3 Nxc3 10. bxc3 O-O 11. Re1 dxc4 12. Bxc4 Bd6 13. Rb1 Qf6 14. Bd5 Bxh2+
15. Kxh2 Qd6+ 16. Re5 Nxe5 17. dxe5 Qg6 18. Rxb7 Qh5+ 19. Kg1 c6 20. Bb3 Rad8
21. Qe2 Be6 22. Rxa7 Bxb3 23. axb3 Rfe8 24. Bf4 Qf5 25. g3 Qb1+ 26. Kg2 Qxb3 27.
Qa2 Qxa2 28. Rxa2 Rd3 29. Ra3 h6 30. Be3 g5 31. Bd4 Rd8 32. Bc5 R8d5 33. Bd6 Kh7
34. Ra7 Rxc3 35. Rxf7+ Kg8 36. Rf6 Rc2 37. Rxh6 Kg7 38. Rh5 Ra5 39. Rxg5+ Kh6
40. Bf8+ Kh7 41. Rg7+ 1-0

[Event "Botvinnik 100th Open"]
[Site "St Petersburg RUS"]
[Date "2011.08.16"]
[Round "5"]
[White "Korniyuk, Mariya"]
[Black "Ivkina, Olga"]
[Result "1/2-1/2"]
[WhiteTitle "WFM"]
[BlackTitle "WIM"]
[WhiteElo "2104"]
[BlackElo "2294"]
[WhiteFideId "14118874"]
[BlackFideId "4156820"]
[EventDate "2011.08.12"]

1. e4 e6 2. d4 d5 3. Nc3 Bb4 4. e5 c5 5. dxc5 Ne7 6. Nf3 Nbc6 7. Bd3 Ng6 8. Qe2
d4 9. a3 Qa5 10. Rb1 dxc3 11. axb4 Qa2 12. bxc3 Qxb1 13. O-O O-O 14. h4 Nce7 15.
h5 Nd5 16. hxg6 fxg6 17. Be4 Qa1 18. Bd2 Qa4 19. Nd4 Qe8 20. Nb5 Qe7 21. Nd6 a6
22. Qc4 Rb8 23. Bxd5 exd5 24. Qxd5+ Be6 25. Qd4 g5 26. c4 g4 27. Qe3 h6 28. Ra1
Ra8 29. Re1 Rab8 30. Qe4 Qh4 31. Be3 Kh8 32. Qg6 Bg8 33. Nf5 Rxf5 34. Qxf5 g3
35. fxg3 Qxc4 36. Qd3 Qxb4 37. Rd1 Qg4 38. Bf4 Rc8 39. Rb1 Rxc5 40. Rxb7 Rd5 41.
Qf3 Qc8 42. Rb2 1/2-1/2